000 00561nam a2200181 a 4500
001 000040738
005 20201002034337.0
008 130905s2007 sp 000 0 spa d
020 _a9788431322427
040 _aDO-SdBNP
_bspa
_cBNPHU
082 _axxxx
_bxxxx
100 1 _aClausó García, Adelina
_967141
245 1 0 _aManual de Análisis Documental :
_bdescripción bibliográfica /
_cAdelina Clausó García.
250 _a4a ed.
260 _aEspaña, :
_bEUNSA,
_c2007.
300 _a226 p. ;
_c24 cm.
710 1 _aEdiciones Universidad de Navarra
_967142
999 _c40228
_d40228